000 01840nam a2200265 a 4500
001 000028592
005 20200930055028.0
008 110411s2010 dr 001 0 spa d
020 _a9789993478430
040 _aDO-SdBNP
_bspa
_cBNPHU
082 _a342.729302
_bR426con, 2010
110 1 _aRepública Dominicana.
_9447
240 1 0 _aConstitución (2010)
245 1 0 _aConstitución de la República Dominicana anotada :
_bconcordada con la Constitución de 2002 doctrina, legislación y jurisprudencia /
_cHerbert Carvajal Oviedo ; prólogo Olivo A. Rodríguez Huertas.
260 _aSanto Domingo :
_bLibrería Jurídica Internacional,
_c2010.
300 _axiii, 187 p. ;
_c23 cm.
504 _aIncluye bibliografía y notas a pie de páginas.
505 0 _gPrólogo /
_rOlivo A. Rodríguez Huertas --
_tPreámbulo --
_tDe la Nación, del Estado, de su gobierno y de sus principios fundamentales --
_tDe los derechos, garantías y deberes fundamentales --
_tDel Poder Legislativo --
_tDel Poder Ejecutivo --
_tDel Poder Judicial --
_tDel Consejo Nacional de la Magistratura --
_tDel control constitucional --
_tDel Defensor del Pueblo --
_tDel ordenamiento del territorio y de la administración local --
_tDel Sistema electoral --
_tDel régimen económico y financiero y de la Cámara de Cuentas --
_tDe las Fuerzas Armadas, de la Policía Nacional y de la Seguridad y Defensa --
_tDe los Estados de Excepción --
_tDe las Reformas Constitucionales --
_gDisposiciones generales y transitorias --
_gÍndice temático.
590 _aInventariado, 2018/ YL
651 4 _aRepública Dominicana
_xConstitución (2010{Rpara}
_935654
651 4 _aRepública Dominicana
_zDerecho Constitucional
_9449
700 1 _aCarvajal Oviedo, Herbert
_914576
700 1 _aRodríguez Huertas, Olivo A.,
_epról.
_955545
910 _aValidado. Control de calidad EMS
999 _c28084
_d28084